Understanding poverty and well-being : (Record no. 5657)
[ view plain ]
| 000 -LEADER | |
|---|---|
| fixed length control field | 00583nam a22002057a 4500 |
| 003 - CONTROL NUMBER IDENTIFIER | |
| control field | OSt |
| 005 - DATE AND TIME OF LATEST TRANSACTION | |
| control field | 20240626095419.0 |
| 008 - FIXED-LENGTH DATA ELEMENTS--GENERAL INFORMATION | |
| fixed length control field | 170306b xxu||||| |||| 00| 0 eng d |
| 020 ## - INTERNATIONAL STANDARD BOOK NUMBER | |
| International Standard Book Number | 0415464277 |
| 040 ## - CATALOGING SOURCE | |
| Transcribing agency | 040a |
| 082 ## - DEWEY DECIMAL CLASSIFICATION NUMBER | |
| Classification number | 362.5 |
| Item number | UND 2007 |
| 245 ## - TITLE STATEMENT | |
| Title | Understanding poverty and well-being : |
| Remainder of title | bridging the disciplines / |
| Statement of responsibility, etc. | Edited by David Hulme, John Toye |
| 260 ## - PUBLICATION, DISTRIBUTION, ETC. (IMPRINT) | |
| Place of publication, distribution, etc. | London |
| Name of publisher, distributor, etc. | Routledge |
| Date of publication, distribution, etc. | 2007 |
| 300 ## - PHYSICAL DESCRIPTION | |
| Extent | 194p; |
| Other physical details | ill : |
| Dimensions | 13 cm. |
| 504 ## - BIBLIOGRAPHY, ETC. NOTE | |
| Bibliography, etc | Includes index |
| 650 ## - SUBJECT ADDED ENTRY--TOPICAL TERM | |
| Topical term or geographic name as entry element | Poverty |
| 9 (RLIN) | 8 |
| 700 ## - ADDED ENTRY--PERSONAL NAME | |
| Personal name | Hulme, David |
| 9 (RLIN) | 7401 |
| 700 ## - ADDED ENTRY--PERSONAL NAME | |
| Personal name | Toye, John |
| 9 (RLIN) | 11803 |
| 942 ## - ADDED ENTRY ELEMENTS (KOHA) | |
| Source of classification or shelving scheme | Dewey Decimal Classification |
| Koha item type | Open Shelf |
| Withdrawn status | Lost status | Source of classification or shelving scheme | Damaged status | Not for loan | Home library | Current library | Date acquired | Source of acquisition | Inventory number | Total Checkouts | Full call number | Barcode | Date last seen | Price effective from | Koha item type |
|---|---|---|---|---|---|---|---|---|---|---|---|---|---|---|---|
| Dewey Decimal Classification | MUST Main Library | MUST Main Library | 06/03/2017 | 2015/39532 | 362.5 UND 2007 | 2017-0352 | 06/03/2017 | 06/03/2017 | Open Shelf | ||||||
| Dewey Decimal Classification | MUST Main Library | MUST Main Library | 26/06/2024 | Purchase | 2015/39533 | 362.5 UND 2007 | 2024-21350 | 26/06/2024 | 26/06/2024 | Open Shelf |
